000 01084cam a22003133a 4500
001 1221
005 20230831113133.0
020 _a078073004997
040 _aLKR
_cLKR
_dDLC
_beng
050 0 0 _aPZ7.M47396
082 _aFic
100 1 _aMazer, Anne.
245 1 0 _aTwo heads are better than one /
_cAnne Mazer.
260 _aNew York :
_bScholastic Inc.,
_c2002.
300 _a135 pages :
_billustrations ;
_c20 cm
490 1 _aThe amazing days of Abby Hayes ;
_vBook 7
500 _a"An Apple paperback."
505 _aJ
520 _aAbby is home sick when partners for the science fair are picked; when she gets back, she finds her partner is a boy. Abby has to find a way to work with him.
521 0 _a460
_bLexile
521 1 _aJ
_bLexile
650 0 _aPreteens
_vJuvenile fiction.
650 0 _aDiaries
_vJuvenile fiction.
650 0 _aGirls
_xDiaries
_vJuvenile fiction.
650 0 _aSelf-esteem in children
_vJuvenile fiction.
655 7 _aChildren's stories.
_2lcsh
906 _a7
_bcbc
_ccopycat
_d3
_encip
_f20
_gy-gencatlg
942 _2ddc
_cBK
_n0
999 _c1221
_d1221